[Event "VIE-ch U13"]
[Site "Hai Phong"]
[Date "2018.07.07"]
[Round "1"]
[White "Nguyen, Xuan Hien"]
[Black "Nguyen, Nam Khanh"]
[Result "1-0"]
[WhiteElo "1850"]
[BlackElo "1828"]
[PlyCount "59"]
[EventDate "2018.07.07"]
[EventType "swiss"]
[EventRounds "9"]
[EventCountry "VIE"]
[SourceTitle "EXT 2019"]
[Source "ChessBase"]
[SourceDate "2018.10.10"]
[SourceVersion "1"]
[SourceVersionDate "2018.10.10"]
[SourceQuality "1"]

1. d4 f5 2. Nc3 Nf6 3. Bg5 g6 4. h4 Bg7 5. h5 e6 6. e4 h6 7. Bxf6 Qxf6 8. e5 Qf7 9. hxg6 Qxg6 10. Qh5 Qxh5 11. Rxh5 a6 12. f4 Nc6 13. d5 Nb4 14. 0-0-0 d6 15. exd6 Bxc3 16. dxe6 Nxa2+ 17. Kb1 Bxe6 18. Rh3 Bf6 19. Re3 Kf7 20. Rde1 Rae8 21. Rxe6 Nb4 22. Bc4 Rd8 23. dxc7 Rd4 24. Bb3 Kg6 25. c3 Rd2 26. Nf3 Rf2 27. Nh4+ Kg7 28. Re7+ Bxe7 29. Rxe7+ Kf8 30. Ng6# 1-0